<?xml version="1.0" encoding="UTF-8"?>
<record
    xmlns:xsi="http://www.w3.org/2001/XMLSchema-instance"
    xsi:schemaLocation="http://www.loc.gov/MARC21/slim http://www.loc.gov/standards/marcxml/schema/MARC21slim.xsd"
    xmlns="http://www.loc.gov/MARC21/slim">

  <leader>00946nam a2200217Ia 4500</leader>
  <controlfield tag="003">OSt</controlfield>
  <controlfield tag="005">20240729154107.0</controlfield>
  <controlfield tag="008">210719s2012    xx            000 0 und d</controlfield>
  <datafield tag="040" ind1=" " ind2=" ">
    <subfield code="c">AL</subfield>
  </datafield>
  <datafield tag="041" ind1=" " ind2=" ">
    <subfield code="a">Kannada</subfield>
  </datafield>
  <datafield tag="082" ind1=" " ind2=" ">
    <subfield code="a">K894.4 JANB</subfield>
  </datafield>
  <datafield tag="100" ind1=" " ind2=" ">
    <subfield code="a">JANARDANA BHAT (B)</subfield>
    <subfield code="d">&#xC9C;&#xCA8;&#xCBE;&#xCB0;&#xCCD;&#xCA6;&#xCA8; &#xCAD;&#xC9F;&#xCCD; (&#xCAC;&#xCBF;)</subfield>
    <subfield code="9">174404</subfield>
  </datafield>
  <datafield tag="245" ind1=" " ind2=" ">
    <subfield code="a">Bermaru enadaru?  Kannada sahitya mattu tulu aradhanalokada kuritada kelavu lekhanagalu</subfield>
    <subfield code="b">&#xCAC;&#xCC6;&#xCB0;&#xCCD;&#xCAE;&#xCC6;&#xCB0;&#xCC1; &#xC8F;&#xCA8;&#xCBE;&#xCA6;&#xCB0;&#xCC1;? &#xC95;&#xCA8;&#xCCD;&#xCA8;&#xCA1; &#xCB8;&#xCBE;&#xCB9;&#xCBF;&#xCA4;&#xCCD;&#xCAF; &#xCAE;&#xCA4;&#xCCD;&#xCA4;&#xCC1; &#xCA4;&#xCC1;&#xCB3;&#xCC1; &#xC86;&#xCB0;&#xCBE;&#xCA7;&#xCA8;&#xCBE;&#xCB2;&#xCCB;&#xC95;&#xCA6; &#xC95;&#xCC1;&#xCB0;&#xCBF;&#xCA4;&#xCC1; &#xC95;&#xCC6;&#xCB2;&#xCB5;&#xCC1; &#xCB2;&#xCC7;&#xC96;&#xCA8;&#xC97;&#xCB3;&#xCC1;</subfield>
  </datafield>
  <datafield tag="260" ind1=" " ind2=" ">
    <subfield code="a">Mandya</subfield>
    <subfield code="b">Shri Rama Prakashana.,</subfield>
    <subfield code="c">2012</subfield>
  </datafield>
  <datafield tag="300" ind1=" " ind2=" ">
    <subfield code="a">vi,180</subfield>
    <subfield code="b">PB</subfield>
  </datafield>
  <datafield tag="365" ind1=" " ind2=" ">
    <subfield code="b">125</subfield>
    <subfield code="c">Rs</subfield>
  </datafield>
  <datafield tag="650" ind1=" " ind2=" ">
    <subfield code="a">Kannada literature</subfield>
    <subfield code="9">174405</subfield>
  </datafield>
  <datafield tag="650" ind1=" " ind2=" ">
    <subfield code="a">Kannada Prose</subfield>
    <subfield code="9">174406</subfield>
  </datafield>
  <datafield tag="906" ind1=" " ind2=" ">
    <subfield code="a">aradhanalokada ; Bermaru ; enadaru? ; Kannada ; kelavu ; kuritada ; lekhanagalu ; mattu ; sahitya ; tulu</subfield>
  </datafield>
  <datafield tag="942" ind1=" " ind2=" ">
    <subfield code="2">ddc</subfield>
    <subfield code="c">BK</subfield>
  </datafield>
  <datafield tag="999" ind1=" " ind2=" ">
    <subfield code="c">211859</subfield>
    <subfield code="d">211859</subfield>
  </datafield>
  <datafield tag="952" ind1=" " ind2=" ">
    <subfield code="0">0</subfield>
    <subfield code="1">0</subfield>
    <subfield code="4">0</subfield>
    <subfield code="7">0</subfield>
    <subfield code="8">Kannada</subfield>
    <subfield code="a">AL</subfield>
    <subfield code="b">AL</subfield>
    <subfield code="d">2021-02-24</subfield>
    <subfield code="e">General Annual | Navakarnataka Publication Pvt Ltd Mangalore</subfield>
    <subfield code="g">125.00</subfield>
    <subfield code="l">0</subfield>
    <subfield code="o">K894.4 JANB</subfield>
    <subfield code="p">074673</subfield>
    <subfield code="r">2021-07-19 00:00:00</subfield>
    <subfield code="v">100.00</subfield>
    <subfield code="w">2021-07-19</subfield>
    <subfield code="y">BK</subfield>
  </datafield>
</record>
